Quizzes
Events
Quiz Creation
Community
Videos
Private Events
Remove Ads
Sign In
Join for FREE
Feedback
Dark Mode
Quiz Categories
Sports
Geography
Music
Movies
Television
Just For Fun
Miscellaneous
History
Literature
Language
Science
Gaming
Entertainment
Religion
Holiday
For Kids
Quiz Lab
Recent
Popular Today
Quiz Kudos Today
Editor Picks
Curator Picks
Quizzes by...
Day
Popularity
Type
Ratings
Length
Year
Community
Subscriptions
Recent Discussions
Orange Saloon
Badges
Playlists
Quests
Create
Leaderboards
Showdown
Live 5
Trivia Bingo
Activity
Puzzle Library
Sporcle Events
Private Events
Virtual Trivia
Globe League
Become a Host
Pub Owners
SporcleCon
Opinionation
Our Games
Videos
Blog
Mobile Apps
Partnerships
Remove Ads and Go Orange
Feedback
Sports
Athletes
MLB
NBA
NHL
NFL
Soccer
Sports Teams
WWE
NCAA
Football
Premier League
Basketball
Baseball
Hockey
Golf
Tennis
Cricket
Rugby
Auto Racing
Olympics
World Cup
Sports
Athletes
MLB
NBA
NHL
NFL
Soccer
Sports Teams
WWE
NCAA
Football
Premier League
Basketball
Baseball
Hockey
Golf
Tennis
Cricket
Rugby
Auto Racing
Olympics
World Cup
Random Quiz
Search Sporcle
×
Quiz Lab
Quiz Lab
Sports
Country
Type in answers that appear in a list
Type in answers that appear in a list
Classic
Best Score? Go Orange.
Country with player in top 1,000 of golf world ranking Stats
Can you name the Countries with a player in the top 1,000 of the golf world ranking?
By
mucciniale
5m
43 Questions
3,813 Plays
3,813 Plays
3,813 Plays
Comments
Comments
Give Quiz Kudos
Give Quiz Kudos
-
- Ratings
hide this ad
More Info
Replay
Link that replays current quiz
Next Quiz
Link to next quiz in quiz playlist
You Got
0%
They Got
Avg Score
67%
Avg Friend Score
Upgrade to see
Score Distribution
Jump to the score distribution portion of the page
Score
0/43
Timer
05:00
0
Plays Today
#
% Correct
3
Italy
98.9%
2
United Kingdom
88.6%
1
USA
86.9%
9
China
86.3%
5
Australia
85.5%
10
Sweden
85.2%
14
Argentina
84.8%
17
Canada
84.3%
21
New Zealand
83.3%
7
Japan
82.8%
12
Thailand
82.7%
6
South Africa
81.8%
25
Slovakia
79.9%
22
Belgium
79.8%
11
Denmark
79.1%
8
Ireland
79%
37
Poland
77.6%
35
Portugal
77.1%
4
Spain
75.8%
24
France
74.4%
42
Zambia
72.2%
36
Greece
71.4%
#
% Correct
28
India
70.8%
13
Taiwan
68.8%
16
Mexico
68%
39
Bangladesh
67.8%
19
Venezuela
67.6%
15
South Korea
66.9%
23
Germany
66.4%
27
Austria
65%
41
Switzerland
63.8%
29
Zimbabwe
62.2%
32
Malaysia
58.3%
20
Finland
56.9%
18
Netherlands
53.5%
40
Fiji
47.2%
31
Colombia
46.1%
38
Norway
43.2%
33
Philippines
37.3%
34
Brazil
36.9%
30
Paraguay
32.4%
26
Chile
26.4%
43
Czechia
14.6%
Quiz Playlist
Details
Report
Send in Message
Add To Playlist
More Info:
Update Golf World Ranking: June 10, 2019
Classic:
Type in answers that appear in a list
Quiz Source
Last Updated: Jun 13, 2019
Quiz Scoreboard
CHALLENGE
Sign Up to Join the Scoreboard
Show All
Scores
Hide
Comments
May contain spoilers
Recently Published
An Introduction to Baseball
by treessimontrees
Sports
5m
Movies - When Are They Set?
by FPL_Elf
Movies
5m
Popular People in 1961
by mucciniale
History
6m
More to Explore
Quiz From the Vault
Featured Blog Post
Where Did the Easter Bunny Come From?
hide this ad
You Might Also Like...
Tags
Country Quiz
Golf Quiz
World Quiz
Today's Top Quizzes in Sports
Browse Sports
hide this ad
Today's Top Quizzes in Country
Browse Country
Top Contributed Quizzes in Sports
1
Les meilleurs buteurs des matchs entre le PSG et l’OM
2
2022 World Cup Stars
3
FIFA Club World Cup Champions
4
Les entraîneurs de l'OM et du PSG au 21e siècle
5
Name the Premier League winners with different clubs
6
La finale Lions - Afrique du Sud 2021
7
England Test cricketers to play under Nasser Hussain
8
5-to-1: UK Sports Teams
9
Les joueurs passés par le LOSC et le RC Lens
10
Criteria MLB: Left Handed Sluggers
Explore More
Trending Topics
Marvel
Harry Potter
Anime
NBA
Crossword
Disney
Kpop
The Office
Puzzle
Country
Soccer
WWE
Pokémon
NFL
Song
hide this ad
More By:
mucciniale
Quiz
Plays
Rating
Category
Featured
Created
United States Physical Geography
112,853
4.75
Geography
Jun 24, 2020
Famous British Men in Movies
69,574
4.73
History
Jun 1, 2020
2019 Oscar Nominees Movie Posters
63,500
4.75
Movies
Jun 28, 2020
2014 Oscar Nominees Movie Posters
60,305
4.80
Movies
Jul 8, 2020
2012 Oscar Nominees Movie Posters
54,893
4.73
Movies
Jul 13, 2020
Go to Creator's Profile
Score Distribution
Quiz Creator Spotlight
mucciniale
Follow
Send a Message
Quizzes Created
-
Created Quiz Play Count
-
More By This Creator
Popular Quizzes Today
1
Find the Countries of Europe - No Outlines Minefield
2
Find the US States - No Outlines Minefield
3
The Countries of the World
4
Popular People in 1961
5
Find the US States
6
US States
7
1-10 Letter E Words III
8
Risky Map Clicking: Biggest States A-Z
More Sports Quizzes
MLB Home Run Leaders (1990s)
Published
Trending Quizzes
Risky Map Clicking: Least Populous States A-Z
1-10 Letter F Words
1-10 Letter G Words
One Thing in Common: United Kingdom
Risky Map Clicking: Next State Alphabetically
Recently Updated
Leaping Animals
pecheneg
Reality TV Shows (A-Z)
bhenderson79
Rickey Henderson's Hall of Fame Teammates
pecheneg
Champions League XIs: Arsenal
pecheneg
Quick Pick: Celebrities in WWE's Hall of Fame
aduchscher
A-Z Keypad Blitz II
pecheneg
Multiple Oscar Actors
pecheneg
Mystery Phrase Blitz: Oscar 'Best Actors'
pecheneg
F. Scott Fitzgerald Novels
LTH
Pick 3 Villains
ddd62291
Trending Topics
Harry Potter
Anime
Marvel
Crossword
NBA
Kpop
Disney
NFL
Soccer
WWE
Song
Puzzle
Country
The Office
Pokémon
Your Account Isn't Verified!
In order to create a playlist on Sporcle, you need to verify the email address you used during registration. Go to your
Sporcle Settings
to finish the process.
Report this User
Report this user for behavior that violates our
Community Guidelines
.
Details:
Send Report
Go to the Sporcle.com Mobile Site →
Comments